Cátedra de Psicología de la Convivencia : (Record no. 94135)
[ view plain ]
| 000 -LEADER | |
|---|---|
| campo de control de longitud fija | 01577nam a2200349 i 4500 |
| 001 - NÚMERO DE CONTROL | |
| campo de control | 94135 |
| 003 - IDENTIFICADOR DE NÚMERO DE CONTROL | |
| campo de control | ES-MaACL |
| 005 - FECHA Y HORA DE LA ÚLTIMA TRANSACCIÓN | |
| campo de control | 20250804105438.0 |
| 007 - CAMPO FIJO DE DESCRIPCIÓN FÍSICA--INFORMACIÓN GENERAL | |
| campo de control de longitud fija | t| |
| 008 - DATOS DE LONGITUD FIJA--INFORMACIÓN GENERAL | |
| campo de control de longitud fija | 050622s2004 sp |||| | spa d |
| 020 ## - NÚMERO INTERNACIONAL ESTÁNDAR DEL LIBRO | |
| Número Internacional Estándar del Libro | 84-89456-45-3 |
| 080 ## - NÚMERO DE LA CLASIFICACIÓN DECIMAL UNIVERSAL | |
| Número de la Clasificación Decimal Universal | 316.45 |
| 080 ## - NÚMERO DE LA CLASIFICACIÓN DECIMAL UNIVERSAL | |
| Número de la Clasificación Decimal Universal | 323.28 |
| 080 ## - NÚMERO DE LA CLASIFICACIÓN DECIMAL UNIVERSAL | |
| Número de la Clasificación Decimal Universal | 94(460)"15/19" |
| 080 ## - NÚMERO DE LA CLASIFICACIÓN DECIMAL UNIVERSAL | |
| Número de la Clasificación Decimal Universal | 821.134.2-14"19" |
| 245 00 - MENCIÓN DEL TÍTULO | |
| Título | Cátedra de Psicología de la Convivencia : |
| Resto del título | Sección de Psicología [del Ateneo de Madrid]. |
| Número de parte o sección de la obra | V. 1, n. 1, |
| Nombre de parte o sección de la obra | Curso 2003-2004. |
| 246 3# - FORMA VARIANTE DEL TITULO | |
| Título propio/Titulo breve | Convivencia y creatividad |
| 260 ## - PUBLICACIÓN, DISTRIBUCIÓN, ETC. | |
| Lugar de publicación, distribución, etc. | [Madrid] : |
| Nombre del editor, distribuidor, etc. | Cersa, |
| Fecha de publicación, distribución, etc. | [2004] ( |
| Fabricante | Cía. Española de Reprografía y Servicios) |
| 300 ## - DESCRIPCIÓN FÍSICA | |
| Extensión | 110 p. ; |
| Dimensiones | 24 cm. |
| 505 8# - NOTA DE CONTENIDO CON FORMATO | |
| Nota de contenido con formato | Contiene: Psicología de la convivencia y técnicas de grupo / Juan Carlos Olea Cañizares . Las actitudes y el conocimiento de los otros / Mª Pilar Cisneros Britto . El fenómeno del terrorismo desde la perspectiva de las víctimas: [convivencia con la barbarie] / Mª Concepción Martín López . Las leyendas negras / Luis Español Bouché . Poemas / Alejandro Riera |
| 650 #4 - PUNTO DE ACCESO ADICIONAL DE MATERIA--TÉRMINO DE MATERIA | |
| Término de materia o nombre geográfico como elemento de entrada | Dinámica de grupos. |
| 9 (RLIN) | 11891 |
| 650 #4 - PUNTO DE ACCESO ADICIONAL DE MATERIA--TÉRMINO DE MATERIA | |
| Término de materia o nombre geográfico como elemento de entrada | Terrorismo- |
| Subdivisión general | España. |
| 9 (RLIN) | 17495 |
| 651 #4 - PUNTO DE ACCESO ADICIONAL DE MATERIA--NOMBRE GEOGRÁFICO | |
| Nombre geográfico | España- |
| Subdivisión general | Historia- |
| -- | Leyenda negra. |
| 9 (RLIN) | 8346 |
| 700 1# - ENTRADA AGREGADA--NOMBRE PERSONAL | |
| Nombre de persona | Olea Cañizares, Juan Carlos. |
| 9 (RLIN) | 172511 |
| 700 1# - ENTRADA AGREGADA--NOMBRE PERSONAL | |
| Nombre de persona | Cisneros Britto, Pilar |
| 9 (RLIN) | 172512 |
| 700 1# - ENTRADA AGREGADA--NOMBRE PERSONAL | |
| Nombre de persona | Martín López, Concepción. |
| 9 (RLIN) | 172513 |
| 700 1# - ENTRADA AGREGADA--NOMBRE PERSONAL | |
| Nombre de persona | Español Bouché, Luis, |
| Fechas asociadas al nombre | 1964- |
| 9 (RLIN) | 47768 |
| 700 1# - ENTRADA AGREGADA--NOMBRE PERSONAL | |
| Nombre de persona | Riera Guignet, Alejandro. |
| 9 (RLIN) | 172514 |
| 710 2# - ENTRADA AGREGADA--NOMBRE DE ENTIDAD CORPORATIVA | |
| Nombre de entidad corporativa o nombre de jurisdicción como elemento de entrada | Ateneo de Madrid. |
| Unidad subordinada | Sección de Psicología. |
| 9 (RLIN) | 2008 |
| 852 4# - LOCALIZACIÓN | |
| Ubicación | ES-MaACL |
| Número de control de estantería | L-29217 |
| Estatus retirado | Estado de pérdida | Estado de daño | No para préstamo | Biblioteca de origen | Biblioteca actual | Ubicación en estantería | Fecha de adquisición | Fuente de adquisición | Total de préstamos | Signatura topográfica completa | Código de barras | Visto por última vez | Precio de reemplazo | Tipo de ítem Koha |
|---|---|---|---|---|---|---|---|---|---|---|---|---|---|---|
| Biblioteca del Ateneo de Madrid | Biblioteca del Ateneo de Madrid | Depósito 2 | 17/01/2008 | L-29217 | 1098320 | 23/02/2023 | 23/02/2023 | Libro impreso |
